LIBRARY & INFORMATION CENTRE, KCAET, TAVANUR

ONLINE PUBLIC ACCESS CATALOGUE (OPAC)

Pap ke pare / (Record no. 3771)

MARC details
000 -LEADER
fixed length control field 00435cam a2200181ua 4500
041 ## - LANGUAGE CODE
Language code of text/sound track or separate title hin
082 ## - DEWEY DECIMAL CLASSIFICATION NUMBER
Classification number 891.54
Item number RAJ/PA
100 ## - MAIN ENTRY--AUTHOR NAME
Personal name Rajendra avasti Trishit, .
245 ## - TITLE STATEMENT
Title Pap ke pare /
250 ## - EDITION STATEMENT
Edition statement 1 /
260 ## - PUBLICATION, DISTRIBUTION, ETC. (IMPRINT)
Place of publication :
Name of publisher Rajpal and Sanch ,
Year of publication 1961.
300 ## - PHYSICAL DESCRIPTION
Number of Pages 147 ; .
942 ## - ADDED ENTRY ELEMENTS (KOHA)
Koha item type Books
Holdings
Withdrawn status Lost status Damaged status Home library Current library Date acquired Full call number Accession Number Koha item type
Withdrawn     KAUAET Sanskrit University 07/04/2012 891.54 5805 Books
free website counter